[Event "AUTO-ELITE-2578"]
[Site "http://www.queenalice.com/game.php?id=1854827"]
[Date "2025.4.2"]
[Round "1"]
[White "Donidon"]
[Black "Ahlkhanvio"]
[Result "0-1"]
[WhiteElo "2208"]
[BlackElo "2602"]

1. d4 d5 2. c4 dxc4 3. Nc3 a6 4. e4 b5 5. f4 e6 6. Nf3 Bb7 7. a3 Nf6 8. e5 Nd5
9. Be2 c5 10. O-O Nc6 11. Kh1 Nxd4 12. Nxd4 Nxc3 13. Nxe6 Qxd1 14. Bxd1 fxe6 15.
bxc3 Be7 16. Bg4 Bd5 17. f5 exf5 18. Bxf5 O-O 19. Bd2 a5 20. h4 g6 21. Bg4 Rxf1+
22. Rxf1 b4 23. Be3 b3 24. Rb1 Bxh4 25. Bxc5 Re8 26. Bd4 Bg3 27. Rb2 Bxe5 28.
Re2 Bxd4 29. Rxe8+ Kf7 30. Rb8 Bxc3 31. Be2 b2 32. Kg1 Bb4 33. Rb7+ Bxb7 34.
Bxc4+ Kf6 0-1

[Event "AUTO-ELITE-2578"]
[Site "http://www.queenalice.com/game.php?id=1854828"]
[Date "2025.4.2"]
[Round "1"]
[White "Ahlkhanvio"]
[Black "trompmaster"]
[Result "1-0"]
[WhiteElo "2598"]
[BlackElo "2308"]

1. d4 d6 2. e4 Nf6 3. Nc3 e5 4. dxe5 dxe5 5. Qxd8+ Kxd8 6. Bc4 Ke8 7. f3 c6 8.
Nge2 b5 9. Bb3 Nbd7 10. a4 b4 11. Nb1 Bc5 12. a5 Ba6 13. Nd2 Ke7 14. Bc4 Bxc4
15. Nxc4 Ne8 16. Ng3 g6 17. Nf1 Nd6 18. Nxd6 Kxd6 19. Ne3 Kc7 20. Nc4 f6 21. Bd2
Rhd8 22. g4 Nf8 23. g5 Rd4 24. b3 f5 25. exf5 gxf5 26. O-O-O Rd5 27. Rde1 Nd7
28. h4 Rb8 29. Be3 Bxe3+ 30. Rxe3 Re8 31. Rhe1 Rd4 32. Nxe5 Rxh4 33. Nd3 Rxe3
34. Rxe3 Kd6 35. Re8 f4 36. Ra8 Rh5 37. Rxa7 Rxg5 38. Nxb4 h5 39. Ra8 Rb5 40.
Nd3 Ne5 41. Nxf4 Nxf3 42. a6 Kc7 43. Kb2 Ng5 44. Nd3 Rb8 45. Ra7+ Kb6 46. Rg7
Ne6 47. Rg6 Re8 48. Nb4 h4 49. Rh6 h3 50. c4 h2 51. Rxh2 c5 52. Nd5+ Kxa6 53.
Re2 Kb7 54. Nf6 Re7 55. Nd5 Re8 56. Nf6 Re7 57. Re5 Kc6 58. Ne4 Kd7 59. Kc3 Kd8
60. Nxc5 Nxc5 61. Rxc5 Re3+ 62. Kb4 Kd7 63. Ka4 Kd6 64. b4 Re8 65. Rg5 Ra8+ 66.
Ra5 Rb8 67. Ra6+ Kc7 68. b5 Rg8 69. c5 Rg4+ 70. Ka5 1-0

[Event "AUTO-ELITE-2578"]
[Site "http://www.queenalice.com/game.php?id=1854829"]
[Date "2025.4.2"]
[Round "1"]
[White "trompmaster"]
[Black "Ahlkhanvio"]
[Result "1/2-1/2"]
[WhiteElo "2530"]
[BlackElo "2608"]

1. d4 e6 2. Nf3 Nf6 3. e3 d5 4. Bd3 c5 5. b3 Nc6 6. O-O Bd6 7. Bb2 O-O 8. dxc5
Bxc5 9. a3 b6 10. Qe2 Bb7 11. c4 dxc4 12. Bxc4 Na5 13. Rd1 Qc7 14. Nbd2 Nxc4 15.
Nxc4 Rfd8 16. Nce5 Rxd1+ 17. Rxd1 h6 18. Rc1 Qe7 19. b4 Bd6 20. Nc6 Qe8 21. Qd3
Nd5 22. b5 Bc5 23. Qe4 a6 24. a4 Rc8 25. Nfd4 Bf8 26. Qd3 e5 27. Ne2 axb5 28.
axb5 Bxc6 29. bxc6 Qe6 30. Qe4 Rxc6 31. Qxe5 Rxc1+ 32. Nxc1 Qxe5 33. Bxe5 b5 34.
Nb3 f6 35. Ba1 Kf7 36. Kf1 Bd6 37. Nd4 Be5 38. Ke2 f5 39. h3 g6 40. Kd3 Kf6 41.
h4 g5 42. hxg5+ hxg5 43. Nc2 g4 44. Bxe5+ Kxe5 45. f4+ Nxf4+ 46. exf4+ Kxf4 47.
Ne3 b4 48. Nf1 b3 49. Kc3 Ke4 50. Ng3+ Kf4 51. Nh5+ Kg5 52. Ng3 Kf4 53. Nh5+ Kg5
54. Ng3 Kf4 1/2-1/2

[Event "AUTO-ELITE-2582"]
[Site "http://www.queenalice.com/game.php?id=1856819"]
[Date "2025.5.6"]
[Round "1"]
[White "trompmaster"]
[Black "Ahlkhanvio"]
[Result "0-1"]
[WhiteElo "2329"]
[BlackElo "2588"]

1. d4 d5 2. Nf3 e6 3. e3 Nf6 4. Bd3 c5 5. b3 Nbd7 6. O-O b6 7. c4 Bb7 8. Nbd2
Be7 9. Bb2 O-O 10. Rc1 Rc8 11. Qe2 Rc7 12. h3 Qa8 13. cxd5 Nxd5 14. Rfd1 Rfc8
15. Ne5 N5f6 16. Nxd7 Rxd7 17. Nf3 Rdc7 18. Rc2 cxd4 19. Rxc7 Rxc7 20. Bxd4 h6
21. Nd2 Nd7 22. e4 Nc5 23. Qg4 Bf8 24. Bc2 Rd7 25. e5 g6 26. a3 h5 27. Qf4 Bxg2
28. Kh2 Bc6 29. Nc4 Nb7 30. Rc1 Qd8 31. Be3 Bd5 32. b4 Rc7 33. Ba4 Bg7 34. Bb5
Bxc4 35. Bxc4 Qc8 36. Kg2 Nd8 37. Ba6 Qa8+ 38. Qf3 Qxf3+ 39. Kxf3 Rxc1 40. Bxc1
Bxe5 41. Be3 Kf8 42. Bb5 Ke7 43. a4 Bd6 44. a5 Bc7 45. Ke4 Nb7 46. Kd3 f6 47.
Ba4 g5 48. Ke2 Nd6 49. Kd3 Nc8 50. Bd4 bxa5 51. bxa5 Bxa5 52. Bc5+ Kf7 53. Bd7
Bb6 54. Bxc8 Bxc5 55. f3 f5 56. Bd7 Kf6 57. Kc4 Bb6 58. Kd3 e5 59. Bc6 g4 60.
fxg4 hxg4 61. hxg4 fxg4 62. Ke2 Kf5 63. Kd3 Kf4 64. Bg2 Kg3 65. Bd5 Kf2 0-1

[Event "AUTO-ELITE-2582"]
[Site "http://www.queenalice.com/game.php?id=1856820"]
[Date "2025.5.6"]
[Round "1"]
[White "Ahlkhanvio"]
[Black "trompmaster"]
[Result "1/2-1/2"]
[WhiteElo "2602"]
[BlackElo "2529"]

1. d4 d6 2. e4 Nf6 3. Nc3 e5 4. Nf3 Nbd7 5. g4 Nxg4 6. Rg1 Ngf6 7. Bc4 h6 8. Be3
c6 9. dxe5 dxe5 10. Qd3 b5 11. Bb3 Qa5 12. O-O-O Ba6 13. Nd2 Rh7 14. Kb1 g6 15.
a3 Rb8 16. Na2 c5 17. c4 b4 18. axb4 1/2-1/2

[Event "AUTO-ELITE-2582"]
[Site "http://www.queenalice.com/game.php?id=1856825"]
[Date "2025.5.6"]
[Round "1"]
[White "raulzampronha"]
[Black "Ahlkhanvio"]
[Result "0-1"]
[WhiteElo "2267"]
[BlackElo "2604"]

1. e4 e6 2. d4 d5 3. Nc3 Nf6 4. Bg5 dxe4 5. Nxe4 Be7 6. Bxf6 Bxf6 7. Nf3 Nd7 8.
Qd2 O-O 9. O-O-O b6 10. Bd3 Bb7 11. g4 c5 12. g5 Be7 13. Rhg1 c4 14. Nf6+ Bxf6
15. gxf6 Qxf6 16. Ne5 Nxe5 17. dxe5 Qxe5 18. Bxc4 Rac8 19. Bd3 Rfd8 20. Rg5 Qf6
21. Rh5 Be4 0-1

[Event "AUTO-ELITE-2582"]
[Site "http://www.queenalice.com/game.php?id=1856826"]
[Date "2025.5.6"]
[Round "1"]
[White "Ahlkhanvio"]
[Black "raulzampronha"]
[Result "1-0"]
[WhiteElo "2601"]
[BlackElo "2264"]

1. d4 Nf6 2. Bf4 c5 3. e3 d5 4. dxc5 Nc6 5. Bb5 e6 6. b4 a5 7. c3 Bd7 8. Qb3 Ne5
9. a4 Bxb5 10. Bxe5 Bc4 11. Qc2 Be7 12. Nf3 O-O 13. Nbd2 1-0

[Event "AUTO-ELITE-2585"]
[Site "http://www.queenalice.com/game.php?id=1857993"]
[Date "2025.5.29"]
[Round "1"]
[White "trompmaster"]
[Black "Ahlkhanvio"]
[Result "1/2-1/2"]
[WhiteElo "2288"]
[BlackElo "2609"]

1. d4 d5 2. Nf3 e6 3. e3 Nf6 4. Bd3 c5 5. b3 Nc6 6. O-O Bd6 7. Bb2 O-O 8. dxc5
Bxc5 9. a3 b6 10. b4 Be7 11. Nbd2 Bb7 12. c4 dxc4 13. Nxc4 b5 14. Nce5 Nxe5 15.
Nxe5 Qd5 16. f3 a6 1/2-1/2

[Event "AUTO-ELITE-2585"]
[Site "http://www.queenalice.com/game.php?id=1857994"]
[Date "2025.5.29"]
[Round "1"]
[White "Ahlkhanvio"]
[Black "trompmaster"]
[Result "1/2-1/2"]
[WhiteElo "2606"]
[BlackElo "2519"]

1. d4 d6 2. e4 Nf6 3. Nc3 e5 4. Nf3 Nbd7 5. g4 Nxg4 6. Rg1 Ngf6 7. Bc4 h6 8. Be3
c6 9. dxe5 dxe5 10. Qe2 b5 11. O-O-O Qa5 12. Bb3 Ba6 13. Nb1 Rh7 14. Nbd2 g6 15.
Kb1 O-O-O 16. Ne1 c5 17. c4 b4 18. f4 exf4 19. Bxf4 Re8 20. Bc2 Bb7 21. h4
1/2-1/2

[Event "AUTO-ELITE-2585"]
[Site "http://www.queenalice.com/game.php?id=1857999"]
[Date "2025.5.29"]
[Round "1"]
[White "Donidon"]
[Black "Ahlkhanvio"]
[Result "1-0"]
[WhiteElo "2168"]
[BlackElo "2603"]

1. e4 e6 2. d4 d5 3. Nc3 Nf6 4. e5 Nfd7 5. f4 c5 6. Nf3 Nc6 7. Bb5 a6 8. Bxc6
bxc6 9. O-O cxd4 10. Nxd4 c5 11. Nf3 Be7 12. f5 Nb6 13. fxe6 Bxe6 14. Ne2 O-O
15. b3 a5 16. a4 Qd7 17. Nf4 Bf5 18. Ba3 d4 19. Qd2 Rfe8 20. c4 Qc6 21. Rae1 Bg4
22. Nd3 Nd7 23. Qf4 Qg6 24. Bc1 Bf5 25. Nf2 Rab8 26. Ne4 Bxe4 27. Rxe4 Rxb3 28.
Ree1 Nf8 29. Qd2 Bd8 30. Qa2 Qb1 31. Qxb1 Rxb1 32. Ba3 Nd7 33. Rxb1 1-0

[Event "AUTO-ELITE-2585"]
[Site "http://www.queenalice.com/game.php?id=1858000"]
[Date "2025.5.29"]
[Round "1"]
[White "Ahlkhanvio"]
[Black "Donidon"]
[Result "1-0"]
[WhiteElo "2604"]
[BlackElo "2152"]

1. d4 Nf6 2. c4 d5 3. cxd5 Nxd5 4. Nf3 g6 5. e4 Nb6 6. h3 Bg7 7. Nc3 O-O 8. Be3
Nc6 9. Be2 e6 10. O-O Qe7 11. Qd2 Rd8 12. Rfd1 Bd7 13. Rac1 Be8 14. Bg5 f6 15.
Be3 Ne5 16. Nxe5 fxe5 17. d5 exd5 18. Nxd5 Nxd5 19. exd5 c6 20. d6 Qf8 21. Bc4+
Bf7 22. d7 1-0

[Event "AUTO-ELITE-2572"]
[Site "http://www.queenalice.com/game.php?id=1858405"]
[Date "2025.6.6"]
[Round "2"]
[White "Ahlkhanvio"]
[Black "Sexxy_Bunny"]
[Result "1/2-1/2"]
[WhiteElo "2591"]
[BlackElo "2642"]

1. d4 Nf6 2. Bf4 d5 3. e3 c5 4. dxc5 e6 5. b4 a5 6. c3 Bd7 7. Nd2 axb4 8. cxb4
b6 9. cxb6 Bxb4 10. Bc7 Qe7 11. Nf3 O-O 12. Be2 Ne4 13. O-O Nc3 14. Qe1 Bb5 15.
Bxb5 Nxb5 16. Bg3 Na3 17. Qc1 Na6 18. Qb2 Qb7 19. Be5 f6 20. Bc7 Rf7 21. Rfc1
Bf8 22. Qb3 Nxc7 23. Rxc7 Rxc7 24. bxc7 Qxc7 25. h3 Rb8 26. Qd3 Qc2 27. Qxc2
Nxc2 28. Rb1 Ra8 29. Nb3 Kf7 30. Rb2 Nb4 31. Nc1 e5 32. Kf1 Ke6 33. Ke2 Na6 34.
Nd2 Nc5 35. Nd3 Na4 36. Rc2 Bd6 37. g4 g6 38. f3 Ke7 39. h4 Ke6 40. Nb3 Kd7 41.
g5 f5 42. f4 e4 43. Ne5+ Bxe5 44. fxe5 Nb6 45. Nc5+ Ke7 46. Rb2 Ra5 47. Nxe4
fxe4 48. Rxb6 Rxa2+ 49. Ke1 Rh2 50. Rb7+ Ke6 51. Rxh7 Kxe5 52. Rf7 Rxh4 53. Rf6
Rh1+ 54. Ke2 Rh5 55. Rxg6 Kf5 56. Rd6 Kxg5 57. Rxd5+ Kg4 58. Rd8 Rh2+ 59. Kd1
Kf3 60. Ra8 Kxe3 61. Ra3+ Kf4 62. Ke1 e3 63. Ra8 e2 64. Re8 Kf3 65. Re3+ Kxe3
1/2-1/2

[Event "AUTO-ELITE-2572"]
[Site "http://www.queenalice.com/game.php?id=1858406"]
[Date "2025.6.6"]
[Round "2"]
[White "Sexxy_Bunny"]
[Black "Ahlkhanvio"]
[Result "1-0"]
[WhiteElo "2629"]
[BlackElo "2604"]

1. e4 e6 2. d4 d5 3. Nc3 Nf6 4. e5 Nfd7 5. f4 c5 6. Nf3 Nc6 7. Be3 Qb6 8. Na4
Qa5+ 9. c3 b6 10. Bd2 c4 11. b4 Qa6 12. Be2 Be7 13. O-O Qb7 14. Qc2 O-O 15. Ng5
g6 16. a3 b5 17. Nc5 Nxc5 18. bxc5 a5 19. Qb2 Bd7 20. Nf3 Rfb8 21. Rfb1 Qc8 22.
Qc1 1-0

[Event "AUTO-ELITE-2586"]
[Site "http://www.queenalice.com/game.php?id=1858467"]
[Date "2025.6.7"]
[Round "1"]
[White "Ahlkhanvio"]
[Black "checkers4me"]
[Result "1-0"]
[WhiteElo "2605"]
[BlackElo "2425"]

1. d4 d5 2. Bf4 Bf5 3. c4 c6 4. Nc3 Nf6 5. e3 e6 6. Qb3 Qb6 7. c5 Qxb3 8. axb3
Nbd7 9. h3 Be7 10. b4 O-O 11. Nf3 Ne4 12. b5 a5 13. Nxe4 Bxe4 14. Ne5 Nxe5 15.
Bxe5 Rfc8 16. b6 f6 17. Bh2 e5 18. Kd2 Kf7 19. f3 Bg6 20. Be2 1-0

[Event "AUTO-ELITE-2586"]
[Site "http://www.queenalice.com/game.php?id=1858469"]
[Date "2025.6.7"]
[Round "1"]
[White "Ahlkhanvio"]
[Black "raulzampronha"]
[Result "1-0"]
[WhiteElo "2601"]
[BlackElo "2105"]

1. d4 Nf6 2. c4 e6 3. Nc3 Bb4 4. Nf3 O-O 5. Bg5 c5 6. Rc1 cxd4 7. Nxd4 a6 8. e3
h6 9. Bh4 Nc6 10. Be2 Be7 11. O-O d5 12. cxd5 1-0

[Event "AUTO-ELITE-2589"]
[Site "http://www.queenalice.com/game.php?id=1859733"]
[Date "2025.7.10"]
[Round "1"]
[White "Ahlkhanvio"]
[Black "Sexxy_Bunny"]
[Result "1/2-1/2"]
[WhiteElo "2593"]
[BlackElo "2694"]

1. d4 Nf6 2. Bf4 d5 3. e3 c5 4. dxc5 Nc6 5. Bb5 e6 6. b4 a5 7. c3 Bd7 8. Qb3 Ne4
9. f3 e5 10. fxe4 exf4 11. exd5 Qh4+ 12. Kd1 Qf2 13. Nf3 Qxg2 14. Rf1 Be7 15.
exf4 O-O 16. Nbd2 Rfd8 17. Bc4 axb4 18. cxb4 Bf6 19. Rg1 Qh3 20. Rg3 Qh6 21. Rc1
Nd4 22. Qd3 Ba4+ 23. Bb3 Rxd5 24. Bxa4 Rad8 25. Rg2 Qh3 26. Re2 Nxe2 27. Qxe2
Rd3 28. Kc2 Qf5 29. Ne4 Qxf4 30. Nfd2 Re3 31. Qg2 Rxd2+ 32. Nxd2 Qf5+ 33. Kd1
Qh5+ 34. Kc2 Qf5+ 35. Kd1 Qh5+ 36. Kc2 Qf5+ 1/2-1/2

[Event "AUTO-ELITE-2589"]
[Site "http://www.queenalice.com/game.php?id=1859734"]
[Date "2025.7.10"]
[Round "1"]
[White "Sexxy_Bunny"]
[Black "Ahlkhanvio"]
[Result "1/2-1/2"]
[WhiteElo "2695"]
[BlackElo "2591"]

1. e4 e6 2. d4 d5 3. Nc3 Nf6 4. e5 Nfd7 5. f4 c5 6. Nf3 Nc6 7. Be3 a6 8. Qd2 b5
9. dxc5 Bxc5 10. Bd3 Qb6 11. Bf2 h6 12. O-O Bxf2+ 13. Qxf2 Qxf2+ 14. Kxf2 Ke7
15. Ne2 f6 16. exf6+ gxf6 17. Ned4 Nxd4 18. Nxd4 Kd6 19. Rae1 Nb6 20. Ke3 Bd7
21. Kd2 Rhf8 22. b3 Rae8 23. Re3 e5 24. Nf5+ Bxf5 25. Bxf5 d4 26. fxe5+ fxe5 27.
Rh3 Rf6 28. Bd3 Ree6 29. Rhf3 Nd5 30. a3 Rxf3 31. gxf3 Rf6 32. Be4 a5 33. Rg1
Nc3 34. h4 Nxe4+ 35. fxe4 Rf2+ 36. Kd3 Rf3+ 37. Kd2 Rf2+ 38. Kd3 Rf3+ 39. Kd2
Rf2+ 1/2-1/2

[Event "AUTO-ELITE-2590"]
[Site "http://www.queenalice.com/game.php?id=1860423"]
[Date "2025.7.23"]
[Round "1"]
[White "Ahlkhanvio"]
[Black "Caronte"]
[Result "1/2-1/2"]
[WhiteElo "2592"]
[BlackElo "2699"]

1. d4 Nf6 2. Bg5 e6 3. e4 h6 4. Bxf6 Qxf6 5. c3 c5 6. Nf3 cxd4 7. cxd4 Bb4+ 8.
Nc3 O-O 9. Rc1 d6 10. a3 Ba5 11. e5 Qe7 12. Bd3 dxe5 13. dxe5 Bd7 14. O-O Bc6
15. Qe2 Rd8 16. b4 Bb6 17. Be4 Bxe4 18. Nxe4 Nc6 19. Rfd1 Rd5 20. Rxd5 exd5 21.
Nc5 Bxc5 22. Rxc5 Rd8 23. h3 a6 24. Rc2 d4 25. Rd2 Rd5 26. Qe4 Qd7 27. Qf4 Kh7
28. Qe4+ Kg8 29. Qf4 Kf8 30. Qe4 Kg8 1/2-1/2

[Event "AUTO-ELITE-2592"]
[Site "http://www.queenalice.com/game.php?id=1861180"]
[Date "2025.8.5"]
[Round "1"]
[White "Ahlkhanvio"]
[Black "trompmaster"]
[Result "1-0"]
[WhiteElo "2591"]
[BlackElo "2331"]

1. d4 Na6 2. e4 c6 3. Nf3 e6 4. Nc3 d5 5. Bxa6 bxa6 6. O-O h6 7. Re1 Nf6 8. Ne5
Bb7 9. Bf4 Rc8 10. Qe2 Be7 11. Rad1 O-O 12. Nd3 Re8 13. e5 Nd7 14. Qh5 c5 15.
Re3 Bh4 16. Rh3 Bg5 17. Rg3 Bxf4 18. Nxf4 Nf8 19. Qxh6 Ng6 20. Rxg6 fxg6 21.
Qxg6 Qe7 22. Nce2 Qf7 23. Qg4 c4 24. Ng3 Bc6 25. Ngh5 Kf8 26. Re1 Re7 27. Ng6+
Ke8 28. Nxe7 Kxe7 29. Re3 Be8 30. Nxg7 Rb8 31. Rf3 Qg6 32. Qh4+ Kd7 33. Qh8 Qxc2
34. h4 Qb1+ 35. Kh2 Qe4 36. Rf8 Bh5 37. Nxh5 Qxh4+ 38. Kg1 Rxf8 39. Nf6+ Qxf6
40. Qxf6 Rxf6 41. exf6 Ke8 42. g4 a5 43. f4 a4 44. a3 Kf7 45. g5 Kg6 46. Kf2 Kf7
47. Kf3 Kg6 48. Kg4 a6 49. Kh4 a5 50. Kg4 1-0